Normal view
MARC view
- القانون الدولي الانساني -- تطوير -- اللجنة الدولية للصليب الاحمر -- تاريخ
Entry Topical Term
001 - CONTROL NUMBER
- control field: 40869
003 - CONTROL NUMBER IDENTIFIER
- control field: JO-AjAnu
005 - DATE AND TIME OF LATEST TRANSACTION
- control field: 20230606080805.0
008 - FIXED-LENGTH DATA ELEMENTS
- fixed length control field: 230606|| aca||aabn | a|a d
040 ## - CATALOGING SOURCE
- Original cataloging agency: JO-AjAnu
- Transcribing agency: JO-AjAnu
150 ## - HEADING--TOPICAL TERM
- Topical term or geographic name entry element: القانون الدولي الانساني -- تطوير -- اللجنة الدولية للصليب الاحمر -- تاريخ
670 ## - SOURCE DATA FOUND
- Source citation: Work cat.: (JO-AjAnu)20946: عتلم ، شريف ، غازي ، خالد , author 40868, دليل تدريب القضاة على أحكام القانون الدولي الإنساني